00275nam a2200121Ia 45000030006000000080041000060400015000471000019000622450018000812600025000995460012001240050017001360STCL150530s9999 xx 000 0 und d aSTCLcSTCL aNeill O Eugene aEmperor Jones bNeill O Eugenec1960 aEnglish20220125171340.0